One Piece - All Haki Users - Statistics

General Stats
  • This quiz has been taken 914 times
  • The average score is 128 of 241
Answer Stats
Group
Answers
% Correct
G1 | G2 | G3 Monkey D. Luffy
99%
G1 | G2 | G3 Roronoa Zoro
98%
G1 | G2 Vinsmoke Sanji
96%
G1 | G2 | G3 Charlotte Linlin
94%
G1 | G2 | G3 Shanks
94%
G1 | G2 | G3 Kaido
92%
G1 | G2 | G3 Edward Newgate
91%
G1 | G2 | G3 Gol D. Roger
91%
G1 | G2 | G3 Monkey D. Garp
91%
G1 | G2 Jinbe
88%
G1 | G3 Portgas D. Ace
88%
G1 | G2 Marshall D. Teach
87%
G2 Usopp
86%
G1 Eustass Kid
85%
G1 | G2 | G3 Donquixote Doflamingo
85%
G2 | G3 Eustass Kid
85%
G1 | G2 Trafalgar D. Water Law
85%
G1 | G2 | G3 Charlotte Katakuri
84%
G1 Silvers Rayleigh
83%
G2 | G3 Silvers Rayleigh
83%
G1 | G2 Dracule Mihawk
82%
G1 | G2 Kuzan
82%
G1 | G2 Sakazuki
82%
G1 | G2 | G3 Boa Hancock
81%
G1 | G2 Sabo
79%
G1 | G2 Borsalino
78%
G1 | G2 | G3 Sengoku
75%
G1 | G2 King
74%
G1 Queen
73%
G1 | G2 | G3 Kozuki Oden
71%
G1 | G2 Marco
71%
G2 Queen
71%
G1 Bartholomew Kuma
69%
G1 Benn Beckman
64%
G1 | G2 Issho
64%
G1 | G2 Rob Lucci
64%
G1 | G2 Jack
62%
G1 | G2 Killer
62%
G1 | G2 Koby
62%
G1 | G2 | G3 Yamato
61%
G1 | G2 Charlotte Cracker
59%
G1 Kaku
58%
G2 Kaku
58%
G1 | G2 Kin'emon
58%
G1 | G2 Smoker
58%
G2 Yasopp
58%
G1 | G2 Basil Hawkins
57%
G2 Enel
57%
G1 | G2 X Drake
57%
G1 | G2 Charlotte Smoothie
56%
G2 | G3 Jaygarcia Saturn
53%
G1 | G2 Pica
53%
G1 | G2 | G3 Chinjao
52%
G1 | G2 Charlotte Oven
50%
G1 | G2 Charlotte Perospero
49%
G1 | G2 Scratchmen Apoo
49%
G1 | G2 Jozu
48%
G1 | G2 Vergo
48%
G1 | G2 Aramaki
47%
G1 | G2 Diamante
47%
G1 | G2 Izo
47%
G1 | G2 Tashigi
47%
G1 | G2 Ulti
47%
G2 Kozuki Momonosuke
46%
G2 | G3 Marcus Mars
46%
G1 | G2 Nekomamushi
46%
G1 | G2 Who's Who
46%
G1 | G2 Inuarashi
45%
G1 | G2 Jesus Burgess
45%
G1 | G2 Vista
45%
G1 Lucky Roux
44%
G1 | G2 Page One
44%
G3 Topman Warcury
44%
G1 | G2 Trebol
44%
G1 | G2 Black Maria
43%
G2 Helmeppo
43%
G1 | G2 Kalifa
42%
G1 | G2 Kurozumi Kanjuro
41%
G1 | G2 Cavendish
39%
G1 | G2 Jabra
38%
G1 | G2 Raizo
38%
G1 | G2 Ethanbaron V. Nusjuro
37%
G1 | G2 Kikunojo
37%
G1 | G2 Blueno
36%
G1 | G2 Charlotte Daifuku
36%
G1 | G2 Edward Weevil
36%
G1 | G2 Sasaki
36%
G1 Shiryu
36%
G1 | G2 Pedro
35%
G1 Sai
35%
G2 Shura
35%
G2 Sai
34%
G1 | G2 Ashura Doji
33%
G1 | G2 Boa Marigold
33%
G1 | G2 Boa Sandersonia
33%
G1 | G2 Denjiro
33%
G1 | G2 Kawamatsu
33%
G1 | G2 Stussy
33%
G1 | G2 Tsuru
33%
G1 | G2 Sentomaru
30%
G2 Rebecca
29%
G1 | G2 Bellamy
28%
G1 Vinsmoke Judge
28%
G2 Crocus
26%
G1 | G2 Fukurou
26%
G1 | G2 Kumadori
26%
G1 | G2 Momonga
26%
G1 | G2 Pekoms
26%
G2 Shirahoshi
26%
G1 | G2 Hyogoro
24%
G1 Shimotsuki Ryuma
24%
G1 | G2 Belo Betty
23%
G1 | G2 Karasu
23%
G2 Ohm
23%
G2 Satori
23%
G1 | G2 Tamago
23%
G1 Boo
22%
G1 | G2 Morley
22%
G2 Gedatsu
21%
G2 Aisa
19%
G1 | G2 Lindbergh
19%
G1 | G2 Bastille
18%
G1 Marguerite
18%
G2 Otohime
15%
G2 Kotori
14%
G2 Hotori
13%
G2 Kalgara
12%
G1 Charlotte Cadenza
10%
G1 Charlotte Counter
9%
G1 Charlotte Raisin
9%
G1 Shimotsuki Ushimaru
9%
G1 Tosa
5%
G2 Urban
4%
No matching quizzes found
Score Distribution
Percent of People with Each Score
Percentile by Number Answered
Your Score History
You have not taken this quiz